00446cam a2200181 a 4500001000800000005001700008008004100025010001700066020003000083040001800113041000800131080001500139082001900154100000700173101000800180245004400188504003200232194838120180308050825.0870302s1985 enka b 001 0 eng  a 87003709  a0470205989 (Wiley : pbk.) aDLCcDLCdDLC aeng a320.12 TAY00a320.12 TAY2191 a20 aPOL10aPolitical geography :cPeter J. Taylor. aBibliography: p. [223]-234.